000 00396cam a22001337a 4500
008 180718b1961 xxu||||| |||| 00| 0 eng d
082 _aB131 M919c
100 _aMimford, Lewis
245 _aThe city in history its origins, its transformations, and its prospects
_cby Lewis Mimford
260 _aLondon
_bSecker & Warburg
_c1961
300 _a657p.
500 _a70/-
650 _aSociology, Urban
999 _c374444
_d374444